Statistics for Name a Valid European Country

Click here to take the quiz!

General Stats

  • This quiz has been taken 38,564 times
    (38,558 since last reset)
  • The average score is 15 of 18

Answer Stats

Name a European Country… Possible Answers Answer % Correct
that borders RussiaBelarus / Estonia / Finland / Latvia / Lithuania / Norway / Poland / UkraineUkraine | Belarus | Latvia | Lithuania | Estonia |
Poland | Finland | Norway
99%
in the AlpsAustria / France / Germany / Italy / Liechtenstein / Slovenia / SwitzerlandAustria | France | Germany | Italy |
Liechtenstein | Slovenia | Switzerland
99%
that is an island countryIceland / Ireland / Malta / United KingdomIceland | Ireland | Malta | United Kingdom
98%
with more than one wordBosnia and Herzegovina / Czech Republic / North Macedonia / San Marino / United Kingdom / Vatican CityBosnia and Herzegovina | San Marino | Vatican City |
North Macedonia | Czech Republic | United Kingdom
96%
with fewer than 100,000 peopleAndorra / Liechtenstein / Monaco / San Marino / Vatican CityAndorra | Liechtenstein | Monaco | San Marino |
Vatican City
95%
that participated in the first EurovisionBelgium / France / Germany / Italy / Luxembourg / Netherlands / SwitzerlandBelgium | France | Germany | Italy |
Luxembourg | Netherlands | Switzerland
95%
not in the European UnionAlbania / Andorra / Belarus / Bosnia and Herzegovina / Iceland / Kosovo / Liechtenstein / Moldova / Monaco / Montenegro / North Macedonia / Norway / Russia / San Marino / Serbia / Switzerland / Ukraine / United Kingdom / Vatican CityAlbania | Andorra | Belarus | Iceland | +14 others
91%
which the Danube river flows throughAustria / Bulgaria / Croatia / Germany / Hungary / Moldova / Romania / Serbia / Slovakia / UkraineAustria | Bulgaria | Croatia | Germany | Hungary |
Moldova | Romania | Serbia | Slovakia | Ukraine
90%
containing a 'K' in its nameDenmark / Kosovo / Slovakia / Ukraine / United KingdomDenmark | Kosovo | Slovakia | Ukraine |
United Kingdom
90%
without red on its national flagBosnia and Herzegovina / Estonia / Finland / Greece / Ireland / Kosovo / San Marino / Sweden / UkraineEstonia | Finland | Greece | Ireland | +5 others
88%
with a life expectancy under 75 yearsBelarus / Bulgaria / Latvia / Lithuania / Moldova / Romania / Russia / UkraineBelarus | Bulgaria | Latvia | Lithuania |
Moldova | Romania | Russia | Ukraine
85%
with an average elevation under 100mDenmark / Estonia / Latvia / Monaco / Netherlands / Vatican CityDenmark | Estonia | Latvia | Monaco |
Netherlands | Vatican City
79%
with a 4 letter Capital CityItaly (Rome) / Latvia (Riga) / Norway (Oslo) / Switzerland (Bern) / Ukraine (Kiev)Italy | Latvia | Norway | Switzerland | Ukraine
69%
not in NATOAndorra / Austria / Belarus / Bosnia and Herzegovina / Finland / Ireland / Kosovo / Liechtenstein / Malta / Moldova / Monaco / Russia / San Marino / Serbia / Sweden / Switzerland / Ukraine / Vatican CityAndorra | Austria | Belarus | Finland | +14 others
67%
with French as its official language (not including France)Belgium / Luxembourg / Monaco / SwitzerlandBelgium | Luxembourg | Monaco | Switzerland
59%
that has joined the Eurozone since 2000Estonia / Greece / Latvia / Lithuania / Malta / Slovakia / SloveniaEstonia | Greece | Latvia | Lithuania |
Malta | Slovakia | Slovenia
59%
where at least 97.5% of the population use the internetEstonia / Iceland / Liechtenstein / NorwayEstonia | Iceland | Liechtenstein | Norway
50%
with more than half its total area covered by forestEstonia / Finland / Latvia / Montenegro / Slovenia / SwedenEstonia | Finland | Latvia | Montenegro |
Slovenia | Sweden
46%

Score Distribution

Percentile by Number Answered

Percent of People with Each Score

Your Score History

You have not taken this quiz since the last reset